|
|
|
|
| LEADER |
00000nam0a2200000 4500 |
| 001 |
149655 |
| 005 |
20231031145928.0 |
| 035 |
|
|
|a (RuTPU)RU\TPU\book\162248
|
| 090 |
|
|
|a 149655
|
| 100 |
|
|
|a 20081219d1984 e y0rusy50 ca
|
| 101 |
0 |
|
|a rus
|
| 102 |
|
|
|a RU
|
| 105 |
|
|
|a y z 001gy
|
| 200 |
1 |
|
|a "Издревле сладостный союз..."
|e антология поэзии пушкинской поры
|e в 3 книгах
|e для старшего школьного возраста
|h Кн. 2
|f сост., авт предисл., статьи о поэтах и примеч. Вл. Муравьев
|
| 210 |
|
|
|a Москва
|c Советская Россия
|d 1984
|
| 215 |
|
|
|a 352 с.
|
| 320 |
|
|
|a Библиогр.в примеч.: с. 332-341
|
| 610 |
1 |
|
|a русская литература
|
| 610 |
1 |
|
|a поэзия
|
| 610 |
1 |
|
|a 19 век
|
| 675 |
|
|
|a Р1
|v 3
|
| 702 |
|
1 |
|a Муравьев
|b Вл.
|4 220
|
| 801 |
|
1 |
|a RU
|b 63413507
|c 20081219
|g PSBO
|
| 801 |
|
2 |
|a RU
|b 63413507
|c 20081219
|g PSBO
|
| 942 |
|
|
|c BK
|